[Event "CZE-chT 9798"]
[Site "CZE"]
[Date "1997.11.15"]
[Round "1"]
[White "Freisler, Pavel"]
[Black "Votava, Jan"]
[Result "1/2-1/2"]
[WhiteElo "2340"]
[BlackElo "2505"]

1.Nf3 d5 2.g3 c6 3.Bg2 Bg4 4.c4 Nf6 5.b3 dxc4 6.bxc4 e5 7.Bb2 Bxf3 8.Bxf3 Nbd7
9.O-O Bc5 10.d3 h5 11.Nd2 h4 12.e3 Qc7 13.d4 Be7 14.Rb1 exd4 15.exd4 O-O
16.Qc2 Rfe8 17.Rfe1 Rad8 18.Nf1 Bb4 19.Rxe8+ Rxe8 20.Bc1 Bf8 21.Bf4 Bd6 22.Bxd6 Qxd6
23.Rxb7 Qxd4 24.Bxc6 Re1 25.Bxd7 Nxd7 26.Rb1 Rxb1 27.Qxb1 h3 28.Qf5 Nb6 29.c5 g6
30.Qxh3 Qxc5 31.Qh4 Qd5 32.a3 Nc4 33.Ne3 Nxe3 34.fxe3 Qd2 35.Qb4 Qxe3+ 36.Kg2 Qe2+
37.Kg1 a6 38.Qc5  1/2-1/2

[Event "AUT-chT2S 9798"]
[Site "Austria"]
[Date "1997.11.16"]
[Round "4"]
[White "Sereinig, Eduard"]
[Black "Detter, Peter"]
[Result "1/2-1/2"]
[WhiteElo "2205"]
[BlackElo "2190"]

1.Nf3 d5 2.g3 c6 3.Bg2 Bg4 4.O-O Nd7 5.d3 e6 6.Nc3 Bd6 7.e4 Ne7 8.Ne2 O-O
9.h3 Bh5 10.Nf4 Bg6 11.Nxg6 Nxg6 12.c4 dxc4 13.dxc4 Qc7 14.Be3 Rfd8 15.Qc2 c5  1/2-1/2

[Event "DEN-chT 9798"]
[Site "Denmark"]
[Date "1997.11.16"]
[Round "3"]
[White "Hansen, Lars Bo"]
[Black "Rasmussen, Karsten"]
[Result "1-0"]
[WhiteElo "2545"]
[BlackElo "2425"]

1.Nf3 d5 2.g3 c6 3.Bg2 Bg4 4.O-O Nd7 5.d3 e6 6.b3 Ngf6 7.Bb2 Bd6 8.c4 O-O
9.Nc3 Re8 10.Rc1 Qe7 11.Rc2 Rad8 12.Qc1 a6 13.Nd1 e5 14.cxd5 Nxd5 15.Rc4 N7f6
16.a3 a5 17.Re1 Nb6 18.Rc2 Nbd7 19.Ne3 Nc5 20.Bxe5 Bxe5 21.Nxe5 Nxb3 22.Qb2 Be6
23.Nf3 a4 24.Rb1 h6 25.Bf1 Ng4 26.Nc4 Bd5 27.e4 Be6 28.Nb6 Nc5 29.Qc3 Nb3
30.Nxa4 Qxa3 31.Nb6 c5 32.Nc4 Bxc4 33.dxc4  1-0

[Event "Bayern-chI Bank Hofmann"]
[Site "Bad Wiessee"]
[Date "1997.11.19"]
[Round "5"]
[White "Markowski, Tomasz"]
[Black "Koglin, Anke"]
[Result "1-0"]
[WhiteElo "2515"]
[BlackElo "2190"]

1.g3 d5 2.Nf3 Bg4 3.Bg2 c6 4.O-O Nd7 5.d3 e6 6.c4 Bd6 7.Nc3 Ngf6 8.cxd5 cxd5
9.e4 O-O 10.exd5 exd5 11.h3 Be6 12.Nd4 Qb6 13.Be3 Qa5 14.a3 Rae8 15.Qd2 Qa6
16.b4 Kh8 17.f4 Nb8 18.Ndb5 Rg8 19.Nd4 Rgf8 20.Bf2 Rd8 21.Rfc1 b6 22.g4 h6
23.Re1 Qc8 24.Rac1 Qa6 25.Ncb5 Bc8 26.Bh4 Bb7 27.Bxf6 gxf6 28.Qf2 Kh7 29.Nxd6  1-0

[Event "Bayern-chI Bank Hofmann"]
[Site "Bad Wiessee"]
[Date "1997.11.21"]
[Round "7"]
[White "Cladouras, Panagiotis"]
[Black "Graf, Christian"]
[Result "1/2-1/2"]
[WhiteElo "2390"]
[BlackElo "2230"]

1.Nf3 d5 2.g3 Nf6 3.Bg2 c6 4.O-O Bg4 5.d3 e6 6.Nbd2 Nbd7 7.Qe1 Be7 8.b3 O-O
9.Bb2 a5 10.a3 h6 11.e4 Qb6 12.e5 Ne8 13.h3 Bh5 14.g4 Bg6 15.Qe2 a4 16.b4 c5
17.Rab1 cxb4 18.axb4 Nc7 19.Bd4 Qa6 20.Ba1 Rac8 21.Nd4 Nb5 22.Nxb5 Qxb5 23.c4 dxc4
24.dxc4 Qa6 25.b5 Qb6 26.Ne4 Rfd8 27.Rbd1 Nc5 28.Nxc5 Qxc5 29.Bxb7 Qxc4 30.Rxd8+ Bxd8
31.Qd2 Rb8 32.Bc6 Bb6 33.Rc1 Qb3 34.Rc3 Qb1+ 35.Rc1 Qb3 36.Rc3 Qb1+  1/2-1/2

[Event "Bayern-chI Bank Hofmann"]
[Site "Bad Wiessee"]
[Date "1997.11.23"]
[Round "9"]
[White "Hickl, Joerg"]
[Black "Hertneck, Gerald"]
[Result "1/2-1/2"]
[WhiteElo "2565"]
[BlackElo "2525"]

1.g3 d5 2.Nf3 Bg4 3.Bg2 c6 4.b3 Nd7 5.Bb2 e6 6.O-O Ngf6 7.d3 Bd6 8.Nbd2 O-O
9.h3 Bh5 10.e4 Be5 11.c3 Bc7 12.Qc2 Re8 13.Rfe1 e5 14.c4 dxe4 15.dxe4 Nc5
16.Re3 a5 17.a3 Na6 18.c5 Nd7 19.Rc3 f6 20.Nf1 Qe7 21.Rc1 Bf7 22.N3d2 Red8
23.Bf3 Nf8 24.Be2 Ne6 25.Nf3 Nd4 26.Nxd4 exd4 27.Rf3 Bh5 28.g4 Bg6 29.Bd3 Be5
30.Ng3 Nc7 31.Nf5 Bxf5 32.gxf5 Kh8 33.Qe2 g6 34.Kh1 gxf5 35.Rxf5 Ne6 36.Rf1 Ng7
37.f4 Bc7 38.Qg4 Nxf5 39.Qxf5 Qg7 40.Bc4 Rg8 41.Bxg8 Rxg8 42.Qg4 Qxg4 43.hxg4 Rxg4
44.Bxd4 Kg7 45.Be3 Kf7 46.Rf3 h5 47.Bd2 Ke6 48.Kh2 Bd8 49.Rh3 Bc7 50.Rf3 Bd8
51.Rh3 Bc7  1/2-1/2

[Event "Iona Tech Masters"]
[Site "Kilkenny"]
[Date "1997.11.28"]
[Round "3"]
[White "Hennigan, Michael"]
[Black "Hurley, John"]
[Result "1-0"]
[WhiteElo "2415"]
[BlackElo "2195"]

1.Nf3 d5 2.g3 Nf6 3.Bg2 g6 4.O-O Bg7 5.d3 O-O 6.Nbd2 Nbd7 7.e4 dxe4 8.dxe4 e5
9.Re1 Qe7 10.a4 a5 11.Nc4 Rd8 12.Bd2 b6 13.Qc1 Bb7 14.Bg5 Re8 15.h3 Qf8 16.Nfd2 h6
17.Be3 Nc5 18.f3 Rad8 19.Nb3 Nfd7 20.Nxc5 Nxc5 21.b3 Ne6 22.Qb2 Nf4 23.Bf1 Nh5
24.Bf2 f5 25.Qa3 Qxa3 26.Nxa3 Nf6 27.Bd3 fxe4 28.fxe4 Re7 29.g4 Kh7 30.Nc4 Ne8
31.Bh4 Bf6 32.Bxf6 Nxf6 33.Re2 Rd4 34.Nd2 Nd7 35.Nf3 Rd6  1-0

[Event "Iona Tech Masters"]
[Site "Kilkenny"]
[Date "1997.11.28"]
[Round "6"]
[White "King, Daniel J"]
[Black "Baburin, Alexander"]
[Result "0-1"]
[WhiteElo "2530"]
[BlackElo "2570"]

1.g3 d5 2.Nf3 Nf6 3.Bg2 g6 4.c4 Bg7 5.cxd5 Nxd5 6.d4 O-O 7.O-O Nb6 8.Nc3 Nc6
9.d5 Na5 10.Qc2 Nxd5 11.Rd1 c6 12.e4 Nb4 13.Qa4 Qb6 14.Bg5 Nc4 15.Rab1 a5
16.a3 Be6 17.Bxe7 Rfe8 18.Bg5 Qc5 19.e5 Nxb2 20.Rxb2 Qxc3 21.Rdb1 b5 22.Qd1 Qxa3
23.Nd4 Bxe5 24.Nxe6 Bxb2 25.Nc7 Qa2 26.Nxa8 Rxa8 27.Be7 Bd4 28.Bxb4 Qxf2+
29.Kh1 axb4 30.Qf3 Qxf3 31.Bxf3 Ra3 32.Bxc6 b3 33.Bxb5 b2 34.Kg2 Ra5 35.Bc4 Rc5
36.Bd3 Rc1 37.Kf3 f5 38.Ke2 Kg7 39.Kd2 Kf6 40.Ke2 g5 41.h3 h5 42.Kf3 Ke5
43.g4 fxg4+ 44.hxg4 h4 45.Bf5 Kd5  0-1

[Event "AUT-chT2O 9798"]
[Site "Austria"]
[Date "1997.12.06"]
[Round "4"]
[White "Tkaczuk, Rainer"]
[Black "Rittler, Robert"]
[Result "1-0"]
[WhiteElo "2245"]
[BlackElo "2235"]

1.Nf3 d5 2.g3 Bg4 3.Bg2 Nd7 4.O-O e5 5.d3 Ngf6 6.c4 c6 7.cxd5 cxd5 8.Qa4 Bd6
9.Nc3 d4 10.Nb5 Bb8 11.e3 dxe3 12.Bxe3 O-O 13.Nd2 Nb6 14.Bxb6 Qxb6 15.Nc4 Qc5
16.Bxb7 a6 17.Nc3 Ra7 18.Bg2 Rd8 19.Ne3 Bh5 20.Ne4 Qb6 21.Rfe1 Rad7 22.Rac1 Rxd3
23.Rc6 Qxb2 24.Rxf6 gxf6 25.Nxf6+ Kf8 26.Nxh5 Ba7 27.Qg4 Bxe3 28.fxe3 Rd2
29.Be4 Qb6 30.Qg7+ Ke8 31.Qxe5+  1-0

[Event "AUT-chT2O 9798"]
[Site "Austria"]
[Date "1997.12.07"]
[Round "5"]
[White "Vokroj, Rene"]
[Black "Wadsack, Wolfgang"]
[Result "0-1"]
[WhiteElo "2250"]
[BlackElo "2140"]

1.Nf3 d5 2.g3 c6 3.Bg2 Bg4 4.h3 Bxf3 5.Bxf3 e5 6.d3 Nd7 7.Nd2 Bc5 8.c3 Ne7
9.e4 a5 10.Qe2 Qc7 11.O-O O-O 12.Nb3 Ba7 13.Bg5 f6 14.Be3 a4 15.Nd2 Bxe3
16.Qxe3 Qb6 17.Qxb6 Nxb6 18.Bg4 Rad8 19.Rad1 g6 20.Be6+ Kg7 21.f4 Rd6 22.Bg4 h5
23.Be2 exf4 24.Rxf4 Re6 25.Rf2 Nd7 26.g4 hxg4 27.Bxg4 f5 28.exf5 gxf5 29.Be2 Rh8
30.Kh2 Ne5 31.Rg1+ Rg6 32.Rfg2 Kf6 33.d4 Rxg2+ 34.Rxg2 N5g6 35.Bd1 b5 36.Re2 Nc8
37.Rf2 Nd6 38.Bc2 Re8 39.Kg2 Re3 40.Nf1 Nh4+ 41.Kh2 Re1 42.Kg3 Kg5 43.Rf4 Re2
44.Rxh4 Rxc2 45.Ne3 Re2 46.Nxd5 cxd5 47.Rh8 Ne4+  0-1

[Event "AUT-chT2S 9798"]
[Site "Austria"]
[Date "1997.12.07"]
[Round "6"]
[White "Brod, Manfred"]
[Black "Meyer, Paul"]
[Result "0-1"]
[WhiteElo "2270"]
[BlackElo "2245"]

1.Nf3 d5 2.g3 c6 3.Bg2 Bg4 4.h3 Bh5 5.O-O Nd7 6.d4 e6 7.b3 Bd6 8.Bb2 f5 9.Ne5 Nxe5
10.dxe5 Bc5 11.Qd2 Nh6 12.e3 Nf7 13.f4 g5 14.Kh2 Qe7 15.Bd4 O-O-O 16.Qa5 Bxd4
17.exd4 gxf4 18.gxf4 Rhg8 19.Qe1 Rg6 20.Nd2 Rdg8 21.Rg1 Nh6 22.Qf2 Qg7 23.Bf3 Ng4+
24.Bxg4 fxg4 25.Rg3 Qh6 26.f5 exf5 27.Rf1 Rf8 28.Qf4 Qg7 29.c4 gxh3 30.cxd5 Rxg3
31.Qxg3 Qxg3+ 32.Kxg3 cxd5 33.Kxh3 Kd7 34.Kh4 Bg4 35.Kg5 Rc8 36.Kf6 Rc6+
37.Kf7 b5 38.Nf3 h6 39.e6+ Rxe6 40.Ne5+ Kd6 41.Rc1 Re7+ 42.Kf6 Re6+ 43.Kg7 Rxe5
44.dxe5+ Kxe5 45.Kxh6 d4 46.Rc5+ Ke4 47.Rxb5 d3 48.Rb8 d2 49.Re8+ Kf4  0-1

[Event "AUT-chT2S 9798"]
[Site "Austria"]
[Date "1997.12.07"]
[Round "6"]
[White "Bonstingl, Georg"]
[Black "Waldmann, Gerald"]
[Result "1/2-1/2"]
[WhiteElo "2235"]
[BlackElo "2175"]

1.Nf3 d5 2.g3 Bg4 3.Bg2 Nd7 4.O-O c6 5.d3 Ngf6 6.Nbd2 e6 7.b3 Be7 8.Bb2 O-O
9.h3 Bh5 10.Qe1 a5 11.a3 Qc7 12.e4 dxe4 13.dxe4 Rfd8 14.Kh1 Bxf3 15.Nxf3 Nf8
16.Qe2 Ng6 17.Rad1 Rxd1 18.Rxd1 Rd8 19.Ne1 Rxd1 20.Qxd1 Ne5 21.f4 Ned7 22.Nd3 Qd8
23.Nf2 Nc5 24.Qe2 Qd7 25.Kh2 Ne8 26.Qe1 b6 27.Ng4 Qc7 28.Qe3 Nd7 29.e5 Nb8
30.Qe4 Qd7 31.Qe2 Nc7 32.Be4 Nb5 33.a4 Nc7 34.Ne3 b5 35.f5 Bc5 36.f6 g6 37.Ng4 Bf8
38.Bc3 b4 39.Be1 c5 40.Nf2 Nd5 41.Bxd5 exd5  1/2-1/2

[Event "AUT-chT2O 9798"]
[Site "Austria"]
[Date "1997.12.08"]
[Round "6"]
[White "Kaiser, Wolfgang"]
[Black "Koutsin, Sergey"]
[Result "1/2-1/2"]
[WhiteElo "2400"]
[BlackElo "2440"]

1.Nf3 d5 2.g3 Nf6 3.Bg2 g6 4.b3 Bg7 5.Bb2 O-O 6.c4 c6 7.O-O Re8 8.Na3 Bg4
9.Rc1 a6 10.Rc2 Nbd7 11.cxd5 cxd5 12.Qa1 Rc8 13.Rfc1 Rxc2 14.Nxc2 Qb8 15.Ne3 Bxf3
16.Bxf3 e6 17.Ng4 e5 18.Nxf6+ Nxf6 19.e3  1/2-1/2

[Event "AUT-chT2O 9798"]
[Site "Austria"]
[Date "1997.12.08"]
[Round "6"]
[White "Banas, Jan"]
[Black "Kummer, Helmut"]
[Result "1-0"]
[WhiteElo "2385"]
[BlackElo "2380"]

1.Nf3 d5 2.g3 c6 3.Bg2 Bg4 4.d3 Nd7 5.O-O Ngf6 6.Nbd2 e5 7.e4 dxe4 8.Nxe4 Nxe4
9.dxe4 Bc5 10.Qd3 f6 11.h3 Be6 12.Be3 Qb6 13.Bc1 O-O-O 14.Nd2 Rhf8 15.Nb3 Bxb3
16.axb3 f5 17.exf5 g6 18.Bd2 Qc7 19.fxg6 e4 20.Qc3 hxg6 21.Be3 Bxe3 22.Qxe3 a6
23.Qxe4 Rde8 24.Qd4 Re2 25.h4 Kb8 26.Qd3 Re6 27.Rae1 Ne5 28.Qc3 Rfe8 29.Re3 Ng4
30.Rxe6 Rxe6 31.Bh3 Re4 32.Qf3  1-0

[Event "CZE-chT 9798"]
[Site "CZE"]
[Date "1997.12.13"]
[Round "3"]
[White "Mojzis, Jaroslav"]
[Black "Cisler, Petr"]
[Result "1/2-1/2"]
[WhiteElo "2225"]
[BlackElo "2170"]

1.Nf3 d5 2.g3 Bg4 3.Bg2 Nf6 4.O-O e6 5.c4 c6 6.b3 Nbd7 7.Bb2 Bd6 8.d3 Qc7
9.Nbd2 O-O 10.Rc1 Rad8 11.Qc2 Qb8 12.Rfe1 Rfe8 13.e4 dxe4 14.dxe4 e5 15.Nf1 Bb4
16.Red1 a5 17.Ne3 Bc5 18.Nxg4 Nxg4 19.Rf1 Ndf6 20.h3 Nxf2 21.Rxf2 Bxf2+ 22.Kxf2 Qd6
23.c5 Qd3 24.Qxd3 Rxd3 25.Re1 Red8 26.Bf1 Rd1 27.Bc4 Rxe1 28.Kxe1 Nxe4 29.Nxe5 Rd2
30.Bc1 Rxa2 31.Nxf7 Kf8 32.Bf4 a4 33.bxa4 Rxa4 34.Bd6+ Ke8 35.Ne5 b5 36.Bf7+ Kd8
37.Nxc6+ Kc8 38.Be6+ Kb7 39.Nd8+ Ka7 40.Nc6+ Kb7 41.Bd5 Ra1+ 42.Ke2 Nc3+
43.Kd3 Nxd5 44.Nd4 Rd1+ 45.Ke4 Nf6+  1/2-1/2

[Event "CZE-chT 9798"]
[Site "CZE"]
[Date "1997.12.14"]
[Round "4"]
[White "Lipka, Juraj"]
[Black "Pisk, Petr"]
[Result "1/2-1/2"]
[WhiteElo "2335"]
[BlackElo "2310"]

1.Nf3 d5 2.g3 c6 3.Bg2 Bg4 4.c4 e6 5.b3 Nd7 6.Bb2 Bxf3 7.Bxf3 Ngf6 8.d3 Bd6
9.Nd2 O-O 10.O-O Qe7 11.a3 a5 12.Bg2 Rfe8 13.Qc2 e5 14.cxd5 cxd5 15.Nb1 Rec8
16.Qd1 Qe6 17.Nc3 h5 18.Nb5 Be7 19.d4 e4 20.Rc1 Bd8 21.Qd2 Rc6 22.a4 h4 23.Ba3 Ne8
24.Rc3 hxg3 25.hxg3 Ndf6 26.Rfc1 g6 27.Qh6 Nd7 28.g4 Qf6 29.Qh3 Nf8 30.f3 Rac8
31.fxe4 Rxc3 32.Rxc3 Rxc3 33.Qxc3 dxe4 34.Qe3 Qh4 35.Qxe4 Qe1+ 36.Bf1 Bh4
37.Qg2 Ne6 38.Kh2 Nf6 39.Bd6 Kg7 40.d5 Ng5 41.Be5 Ne4 42.Qxe4 Qxf1 43.Qf3 Qxf3
44.exf3 Kf8 45.Kh3 Nd7 46.Bc7 Be1 47.Na3 Ke8 48.Nc4 Nc5 49.Bxa5 Bxa5 50.Nxa5 Kd7
51.b4 Nxa4 52.Nxb7 Nb6 53.d6 Nd5 54.b5 Nc3 55.b6 Na4 56.Kh4 f6 57.g5 fxg5+
58.Kxg5 Nxb6 59.Kxg6 Kc6 60.Kf7 Kxb7 61.Ke7 Kc6 62.Ke6 Nd5 63.d7 Nc7+ 64.Ke7 Nd5+
65.Kd8 Nf6 66.f4 Nxd7 67.Ke7 Kd5 68.Kxd7 Ke4 69.Ke6 Kxf4  1/2-1/2

[Event "CZE-chT 9798"]
[Site "CZE"]
[Date "1997.12.14"]
[Round "4"]
[White "Jirovsky, Pavel"]
[Black "Janousek, Petr"]
[Result "1-0"]
[WhiteElo "2395"]
[BlackElo "2145"]

1.Nf3 d5 2.g3 Nf6 3.Bg2 e6 4.O-O c5 5.d4 Nc6 6.c4 Be7 7.cxd5 exd5 8.Nc3 O-O
9.Bg5 cxd4 10.Nxd4 h6 11.Be3 Bg4 12.Re1 Re8 13.Rc1 Qd7 14.Nxc6 bxc6 15.Na4 Qb7
16.Qc2 Rac8 17.Bc5 Bxc5 18.Nxc5 Qb6 19.b3 Bh5 20.e3 Bg6 21.Qb2 Ne4 22.Qd4 Nxc5
23.Rxc5 Qa6 24.Qd2 Bf5 25.Rec1 Red8 26.Bf1 Qb7 27.Qd4 Be4 28.b4 Qd7 29.a3 Qf5
30.Bg2 Bxg2 31.Kxg2 Qe6 32.Kg1 Rd7 33.b5 Rdc7 34.Qc3 Qd6 35.a4 f6 36.h4 Kf7
37.Kg2 Ke7 38.bxc6 Kf8 39.a5 Kg8 40.Qc2 Kf8 41.Qa4 Qe6 42.Kg1 Qd6 43.a6 Ke7
44.Qd4 Rd8 45.Rb1 Qe5 46.Qg4 Kf8 47.Rb7 Rdc8 48.Qb4 Kg8 49.Qb5 Qe6 50.Qd3 Rxc6
51.Rxc6 Qxc6 52.Rxa7 Qc1+ 53.Kg2 Qc4 54.Qg6 Qe4+ 55.Qxe4 dxe4 56.Rb7 Kh7
57.a7 Ra8 58.h5 f5 59.Kh3  1-0

[Event "Rishon Le Ziyyon 9798"]
[Site "Rishon Le Ziyyon"]
[Date "1997.12.25"]
[Round "1"]
[White "Khasin, Alexander"]
[Black "Kundin, Alexander"]
[Result "1-0"]
[WhiteElo "2505"]
[BlackElo "2305"]

1.Nf3 d5 2.g3 c6 3.Bg2 Nf6 4.O-O Bf5 5.c4 e6 6.cxd5 exd5 7.d3 Bd6 8.Nc3 O-O
9.Qb3 Qb6 10.Qc2 Re8 11.Nh4 Bg4 12.e4 Na6 13.a3 Nc5 14.Be3 Qb3 15.Qb1 Ne6
16.exd5 Nxd5 17.Nxd5 cxd5 18.d4 Be7 19.Rc1 Bxh4 20.gxh4 Rac8 21.h3 Be2 22.Qf5 Bc4
23.h5 Qxb2 24.Rab1 Nxd4 25.Bxd4 Qxd4 26.Rxb7 Qf6 27.Qxf6 gxf6 28.Rxa7 d4
29.Ra4 Be2 30.Rxc8 Rxc8 31.Rxd4 Rc1+ 32.Kh2 Bxh5 33.a4 Ra1 34.Rd5 Bd1 35.a5 Bb3
36.Rc5 Ra2 37.Kg1 Be6 38.Bb7 Ra3 39.f3 Kf8 40.a6 Ke7 41.h4 Kd6 42.Rh5 Bc4
43.Rf5 Ke7 44.Rc5  1-0

[Event "Rishon Le Ziyyon 9798"]
[Site "Rishon Le Ziyyon"]
[Date "1997.12.27"]
[Round "3"]
[White "Botvinnik, Ilia"]
[Black "Postniy, Evgeny"]
[Result "1-0"]
[WhiteElo "2350"]
[BlackElo "2175"]

1.Nf3 d5 2.g3 Nf6 3.Bg2 c6 4.d3 Bf5 5.Nh4 Bg4 6.h3 Bh5 7.g4 Bg6 8.Nd2 e6
9.b3 Bc5 10.e3 O-O 11.Bb2 Nbd7 12.Nxg6 fxg6 13.Qe2 Qe7 14.a3 Bd6 15.c4 Bc7
16.h4 Rf7 17.g5 Ne8 18.Qg4 Nf8 19.Ke2 Rd8 20.b4 Nd6 21.Nf3 Nf5 22.Ne5 Bxe5
23.Bxe5 Qe8 24.Rab1 Rfd7 25.Rhd1 Qe7 26.Qf4 h6 27.c5 Nh7 28.gxh6 gxh6 29.Qg4 Qf7  1-0

[Event "EUCup final"]
[Site "Kazan"]
[Date "1997.12.28"]
[Round "1"]
[White "Anastasian, Ashot"]
[Black "Dreev, Alexey"]
[Result "1-0"]
[WhiteElo "2545"]
[BlackElo "2640"]

1.Nf3 d5 2.g3 Bg4 3.Bg2 Nd7 4.c4 e6 5.cxd5 exd5 6.O-O Ngf6 7.d3 Bc5 8.a3 a5
9.Nc3 O-O 10.h3 Bxf3 11.Bxf3 c6 12.Qc2 Qb8 13.Bf4 Qa7 14.Rad1 Rfe8 15.e4 dxe4
16.dxe4 Nf8 17.Kg2 Ng6 18.Bg5 Bd4 19.Ne2 Be5 20.Be3 Qb8 21.Kh1 Bc7 22.Bg2 Qc8
23.Nc3 b5 24.Ne2 Ne5 25.Bd4 Nc4 26.Bxf6 gxf6 27.Qc1 a4 28.Qh6 Be5 29.f4 Bxb2
30.g4 Bxa3 31.e5 Bf8 32.Qh4 Ne3 33.Be4 h6 34.Ng3 Nxd1 35.Nh5 Qd8 36.Nxf6+ Kh8
37.Qh5 Qxf6 38.exf6 Rxe4 39.Rxd1 a3 40.Qxf7 a2 41.Ra1 Rea4 42.g5 R4a7 43.Qe6 c5
44.g6 c4 45.g7+ Rxg7 46.fxg7+ Bxg7 47.Qc6 Ra3 48.Qe8+ Kh7 49.Qe7 b4 50.f5  1-0

[Event "Raiffeisen op-A 6th"]
[Site "Aschach"]
[Date "1997.12.29"]
[Round "5"]
[White "Schmidt, Peter"]
[Black "Tober, Gerhard"]
[Result "1-0"]
[WhiteElo "2410"]
[BlackElo "2205"]

1.Nf3 d5 2.g3 Nf6 3.Bg2 e6 4.O-O Be7 5.b3 O-O 6.Bb2 b6 7.c4 Bb7 8.d4 Nbd7
9.cxd5 exd5 10.Nc3 c5 11.Rc1 Rc8 12.e3 Ne4 13.Qe2 cxd4 14.Nxd4 Nxc3 15.Bxc3 Nf6
16.Nf5 Re8 17.Bd4 Ba3 18.Rcd1 Rc7 19.Qf3 Ba6 20.Rfe1 Bb4 21.Qf4 Bxe1 22.Rxe1 Rc6
23.g4 Ree6 24.Nxg7 Kxg7 25.g5 Bb7 26.Bh3 Red6 27.b4 Kf8 28.b5 Nh5 29.Qh4 Qxg5+
30.Qxg5 Rg6 31.Qxg6 Rxg6+ 32.Kf1 Ng7 33.Rc1 Ne8 34.Bd7 Rd6 35.Bf5 h6 36.Rc3 Rd8
37.Be5 f6 38.Bf4 h5 39.h4 a6 40.a4 axb5 41.axb5 Ng7 42.Bh6  1-0

[Event "Pamplona 9798"]
[Site "Pamplona"]
[Date "1997.12.29"]
[Round "2"]
[White "Strikovic, Aleksa"]
[Black "San Segundo, Pablo"]
[Result "1/2-1/2"]
[WhiteElo "2560"]
[BlackElo "2495"]

1.Nf3 d5 2.g3 Bg4 3.Bg2 Nd7 4.d4 e6 5.O-O c6 6.Nbd2 Ngf6 7.Re1 Qb6 8.c3 Be7
9.e4 Nxe4 10.Nxe4 dxe4 11.Rxe4 Bh5 12.Re2 O-O 13.Be3 Qc7 14.Bf4 Bd6 15.Bxd6 Qxd6
16.h3 a5 17.g4 Bg6 18.Ne5 Nxe5 19.dxe5 Qc7 20.Qe1 Rfd8 21.Rd1 Rxd1 22.Qxd1 Rd8
23.Rd2 Rxd2 24.Qxd2 h5  1/2-1/2

[Event "Rishon Le Ziyyon 9798"]
[Site "Rishon Le Ziyyon"]
[Date "1997.12.29"]
[Round "5"]
[White "Zaichik, Gennadi"]
[Black "Karpman, Vadim"]
[Result "1-0"]
[WhiteElo "2540"]
[BlackElo "2365"]

1.Nf3 d5 2.g3 c6 3.Bg2 Bg4 4.d3 Nd7 5.Nbd2 e6 6.O-O Bd6 7.b3 Ne7 8.Bb2 O-O
9.h3 Bh5 10.Qe1 e5 11.e4 f6 12.d4 Qb8 13.c4 Bf7 14.exd5 cxd5 15.dxe5 Nxe5
16.Nxe5 Bxe5 17.Bxe5 Qxe5 18.Qxe5 fxe5 19.Rfe1 Ng6 20.h4 Rfe8 21.h5 Nf8 22.cxd5 Rad8
23.Nc4 Bxd5 24.Rad1 Bxg2 25.Rxd8 Rxd8 26.Kxg2 b5 27.Nxe5 Rd2 28.Rc1 Rxa2
29.Rc8 Rd2 30.Ra8 a6 31.b4 Rd6 32.f4 g6 33.h6 a5 34.bxa5 b4 35.a6 b3 36.a7 Ra6  1-0

[Event "EUCup final"]
[Site "Kazan"]
[Date "1997.12.30"]
[Round "3"]
[White "Nalbandian, Tigran"]
[Black "Sanduleac, Vasile"]
[Result "1-0"]
[WhiteElo "2440"]
[BlackElo "2425"]

1.Nf3 d5 2.g3 c6 3.Bg2 Bg4 4.O-O Nd7 5.d3 Ngf6 6.Nbd2 e6 7.c4 a5 8.cxd5 exd5
9.h3 Bxf3 10.Nxf3 Be7 11.Nd4 O-O 12.Nf5 Re8 13.Nxe7+ Qxe7 14.e3 Nc5 15.Qc2 Ne6
16.Bd2 Nd7 17.Rae1 Qc5 18.Qa4 Qb6 19.Qc2 Qc5 20.Rc1 Qxc2 21.Rxc2 Ndc5 22.Rc3 Nd7
23.Ra3 a4 24.Rc1 Red8 25.f4 Nc7 26.Rac3 d4 27.Rc4 dxe3 28.Bxe3 Nb5 29.a3 Nf6
30.Be4 Re8 31.Bc5 g6 32.g4 Nd7 33.Bf2 Nf8 34.Bh4 Ne6 35.Rf1 Nd6 36.Rb4 Nc5
37.Rd1 Kg7 38.Bf2 Ne6 39.Bf3 Re7 40.Re1 Rd7 41.Re5 Nb5 42.Be2 Nbd4 43.f5 Nxe2+
44.Rxe2 Nf8 45.Kg2 f6 46.Rbe4 Rf7 47.Bd4 gxf5 48.gxf5 Nd7 49.Rg4+ Kh8 50.Re6 Rg8
51.Kg3 h5 52.Rxg8+ Kxg8 53.Kh4 Rg7 54.Bxf6 Nxf6 55.Rxf6 Rd7 56.Re6 Rxd3 57.Re7 Rf3
58.Kg5 Rxh3 59.Rxb7 h4 60.Rb4 Rb3 61.Rxh4 Rxb2 62.Rxa4 c5 63.Kg6 Rg2+ 64.Kf6 Ra2
65.Rg4+ Kf8 66.a4 Rh2 67.Rc4 Rh6+ 68.Ke5 Ra6 69.Kd5 Ke7 70.Re4+ Kf6 71.Kxc5 Kxf5
72.Kb5 Ra8 73.Re1 Rb8+ 74.Kc6 Ra8 75.Ra1 Ra5 76.Kb6 Ra8 77.a5 Rb8+ 78.Kc7  1-0

[Event "Viking op"]
[Site "Aaland-Stockholm"]
[Date "1997.??.??"]
[Round "?"]
[White "Samuelsson, Sven Gunnar"]
[Black "Hector, Jonny"]
[Result "0-1"]
[WhiteElo "2250"]
[BlackElo "2470"]

1.Nf3 d5 2.g3 Bg4 3.Ne5 Bh5 4.d4 f6 5.Nd3 Nc6 6.Nf4 Bf7 7.Bg2 g5 8.Nh3 Qd7
9.f4 g4 10.Nf2 e5 11.e3 exd4 12.exd4 O-O-O 13.O-O h5 14.c3 Nh6 15.Re1 h4
16.Nd2 Nf5 17.Nf1 Nd6 18.Ne3 hxg3 19.hxg3 Ne7 20.Nf1 Bg6 21.Qe2 Bf5 22.Be3 Be4
23.Bxe4 Nxe4 24.Nxe4 dxe4 25.Qg2 f5 26.Kf2 Nd5 27.Kg1 Rh3 28.a3 Bd6 29.c4 Nxe3
30.Rxe3 Be7 31.Rd1 Bc5  0-1

[Event "Viking op"]
[Site "Aaland-Stockholm"]
[Date "1997.??.??"]
[Round "?"]
[White "Kveinys, Aloyzas"]
[Black "Fomina, Tatyana"]
[Result "1-0"]
[WhiteElo "2555"]
[BlackElo "2245"]

1.Nf3 d5 2.g3 Nc6 3.d4 Bg4 4.Bg2 Qd7 5.h3 Bh5 6.c3 f6 7.Bf4 e6 8.Nbd2 Bd6
9.Bxd6 Qxd6 10.O-O Nge7 11.c4 Rd8 12.cxd5 exd5 13.a3 O-O 14.b4 a6 15.Qb3 f5
16.e3 h6 17.Rfc1 Rf6 18.Rc3 Rdf8 19.Rac1 Be8 20.e4 fxe4 21.Nxe4 Qe6 22.Nxf6+ Qxf6
23.Qd1 Bg6 24.Qd2 Be4 25.Ne5 Nxe5 26.dxe5 Qxe5 27.Bxe4 dxe4 28.Rxc7 Nc6 29.Rd7 Rf3
30.Qd5+ Qxd5 31.Rxd5 e3 32.fxe3 Rxe3 33.Rd7 Rxg3+ 34.Kh2 Rxa3 35.Rg1 Ra2+
36.Kh1 Ne5 37.Rgxg7+ Kh8 38.Rh7+ Kg8 39.Rdg7+ Kf8 40.Rxb7 Ra1+ 41.Kg2 Ra2+
42.Kf1  1-0

[Event "Viking op"]
[Site "Aaland-Stockholm"]
[Date "1997.??.??"]
[Round "?"]
[White "Engqvist, Thomas"]
[Black "Hector, Jonny"]
[Result "0-1"]
[WhiteElo "2355"]
[BlackElo "2470"]

1.Nf3 d5 2.g3 c6 3.Bg2 Bg4 4.b3 Nd7 5.Bb2 Qc7 6.O-O e5 7.d3 h5 8.c4 dxc4
9.bxc4 Be7 10.h3 Bxf3 11.Bxf3 f5 12.e4 O-O-O 13.exf5 Nc5 14.Qe2 Nxd3 15.Bc3 Nf6
16.Rd1 e4 17.Bxe4 Nxf2 18.Rxd8+ Rxd8 19.Kxf2 h4 20.Bf3 Qxg3+ 21.Kf1 Qxh3+
22.Bg2 Qxf5+ 23.Qf3 Qg6 24.Be5 Rd3 25.Qe2 Qf5+ 26.Kg1 Bc5+ 27.Kh1 Ng4 28.Bxg7 Nf2+
29.Kh2 Rh3+ 30.Bxh3 Qxh3+ 31.Kg1 Ng4+  0-1

[Event "Viking op"]
[Site "Aaland-Stockholm"]
[Date "1997.??.??"]
[Round "?"]
[White "Poley, Vladimir"]
[Black "Schandorff, Lars"]
[Result "0-1"]
[WhiteElo "2410"]
[BlackElo "2505"]

1.Nf3 d5 2.g3 c6 3.Bg2 Bg4 4.b3 Nf6 5.Bb2 Nbd7 6.O-O e6 7.c4 Bd6 8.d3 O-O
9.Nbd2 Re8 10.Qc2 a5 11.a3 Qe7 12.Rfc1 h6 13.e4 dxe4 14.dxe4 e5 15.Ne1 Rad8
16.Nf1 Bh5 17.Ne3 Bg6 18.Ra2 Bc5 19.Nd1 Bb6 20.Nc3 Ng4 21.Nd3 Nc5 22.Nxc5 Bxc5
23.Rf1 Qd6 24.Bf3 Nxf2 25.Rxf2 Qd2 26.Qxd2 Rxd2 27.Ne2 Bxf2+ 28.Kxf2 Red8
29.Ke1 R8d3 30.Nc1 Rxb2 31.Rxb2 Rxf3 32.b4 a4 33.b5 Bxe4 34.b6 Rxa3 35.Kd2 f5
36.c5 Kf7 37.Ne2 Rd3+ 38.Ke1 Bd5  0-1

[Event "Viking op"]
[Site "Aaland-Stockholm"]
[Date "1997.??.??"]
[Round "?"]
[White "Taimanov, Mark E"]
[Black "Gleizerov, Evgeny"]
[Result "1/2-1/2"]
[WhiteElo "2425"]
[BlackElo "2560"]

1.Nf3 d5 2.g3 g6 3.Bg2 Bg7 4.O-O e5 5.c4 d4 6.d3 Ne7 7.e3 Nbc6 8.exd4 Nxd4
9.Nxd4 Qxd4 10.Nc3 c6  1/2-1/2

[Event "Viking op"]
[Site "Aaland-Stockholm"]
[Date "1997.??.??"]
[Round "?"]
[White "Kengis, Edvins"]
[Black "Sosonko, Gennadi"]
[Result "1/2-1/2"]
[WhiteElo "2590"]
[BlackElo "2505"]

1.Nf3 d5 2.g3 c5 3.Bg2 g6 4.d4 cxd4 5.Nxd4 Bg7 6.Nb3 e6 7.e4 Ne7 8.exd5 Nxd5
9.O-O O-O 10.N1d2 Nc6 11.Ne4 a5 12.c4 Ndb4 13.Qxd8 Rxd8  1/2-1/2

[Event "Skolernes Skakklub op"]
[Site "Aarhus"]
[Date "1997.??.??"]
[Round "3"]
[White "Madsen, Peder"]
[Black "Pedersen, Finn"]
[Result "0-1"]
[WhiteElo "2175"]
[BlackElo "2295"]

1.Nf3 d5 2.g3 Nf6 3.Bg2 Bf5 4.d3 e6 5.O-O Nbd7 6.Nc3 c6 7.a4 h6 8.a5 a6 9.Nd4 Bg4
10.h3 Bh5 11.Bd2 e5 12.Nf3 Bb4 13.Nb1 Bd6 14.c4 Bxf3 15.Bxf3 e4 16.Bg2 Qe7
17.cxd5 cxd5 18.dxe4 dxe4 19.Be3 O-O 20.Nc3 Bc5 21.Qc1 Rac8 22.Rd1 Rfe8 23.Bxc5 Rxc5
24.Qe3 Qe5 25.Nxe4 Nxe4 26.Rxd7 Qxb2 27.Rad1 Rce5 28.Rd8 Nf6 29.Rxe8+ Nxe8
30.Qb6 Rb5 31.Qd4 Qxd4 32.Rxd4 Nf6 33.Rd8+ Kh7 34.Rb8 Rxa5 35.Rxb7 Ra1+ 36.Kh2 Kg6
37.e4 Ra4 38.Rb6 Kh7 39.e5 Nd7 40.e6 fxe6 41.Rxe6 Nf6 42.Bb7 a5 43.Ra6 Kg6
44.Kg2 Kf5 45.Ra7 g5 46.Ra6 h5 47.Bc8+ Kg6 48.Be6 Re4 49.Bb3 Re5 50.Ba4 Rc5
51.Rc6 Rxc6 52.Bxc6 Kf5 53.f3 h4 54.f4 hxg3 55.fxg5 Nh5 56.Bd7+ Kxg5 57.Kf3 Kh4
58.Bc6 Kxh3 59.Ke3 Nf4 60.Kd4 Ne6+ 61.Kc4 a4  0-1

[Event "Skolernes Skakklub op"]
[Site "Aarhus"]
[Date "1997.??.??"]
[Round "3"]
[White "Antonsen, Mikkel"]
[Black "Kupreichik, Viktor D"]
[Result "0-1"]
[WhiteElo "2410"]
[BlackElo "2500"]

1.Nf3 d5 2.g3 c5 3.Bg2 Nc6 4.O-O e5 5.d3 Bd6 6.Nbd2 Nge7 7.c4 O-O 8.a3 h6
9.cxd5 Nxd5 10.Ne4 Be7 11.Qc2 Bg4 12.e3 Rc8 13.h3 Be6 14.b3 Qd7 15.Kh2 f5
16.Ned2 Bf6 17.Bb2 b6 18.Rad1 g5 19.Qb1 Nde7 20.Nc4 Ng6 21.Qa1 Qc7 22.d4 cxd4
23.exd4 e4 24.Nfe5 Ngxe5 25.dxe5 Bxc4 26.exf6 Bxf1 27.Bxf1 Na5 28.Be5 Qc2
29.Qd4 Rf7 30.Rd2 Qc5 31.Ba6 Re8 32.Bd6 Qc6 33.Bb4 Nxb3 34.Qc4 Nxd2  0-1